[Event "FIDE World Senior Team Championship 2020"]
[Site "Olympik hotel, Sokolovska 138, Prague"]
[Date "2020.03.11"]
[Round "6.9.3"]
[White "Moen, Ole Christian"]
[Black "Van Herck, Marcel"]
[Result "1-0"]
[WhiteElo "2192"]
[BlackElo "2056"]
[PlyCount "67"]
[WhiteTeam "NOR1"]
[BlackTeam "BEL"]
[EventDate "2020.03.06"]

1. e4 c6 2. Nc3 d5 3. Nf3 Bg4 4. h3 Bxf3 5. Qxf3 e6 6. b3 g6 7. Bb2 Bg7 8.
O-O-O Ne7 9. d4 a6 10. Kb1 Nd7 11. g4 Qc7 12. Bg2 b5 13. Rhe1 b4 14. exd5 cxd5
15. Nxd5 exd5 16. Qxd5 Ra7 17. g5 Nb6 18. Qc5 Qd8 19. Bc6+ Kf8 20. Qxb4 Kg8 21.
Bg2 Nbd5 22. Qd2 Rd7 23. Re2 h6 24. Rde1 Kh7 25. h4 Nf5 26. Bh3 Nde7 27. c3 Qc7
28. h5 Rhd8 29. Qd3 Rd5 30. hxg6+ fxg6 31. gxh6 Bf6 32. Ba3 Rxd4 33. cxd4 Rxd4
34. Qxd4 1-0

[Event "FIDE World Senior Team Championship 2020"]
[Site "Olympik hotel, Sokolovska 138, Prague"]
[Date "2020.03.11"]
[Round "6.10.1"]
[White "Waschk, Armin"]
[Black "Pribyl, Josef"]
[Result "1/2-1/2"]
[WhiteElo "2165"]
[BlackElo "2225"]
[PlyCount "61"]
[WhiteTeam "GER8"]
[BlackTeam "CZE2"]
[EventDate "2020.03.06"]

1. d4 Nf6 2. c4 g6 3. g3 Bg7 4. Bg2 d5 5. cxd5 Nxd5 6. Nc3 Nb6 7. Nf3 O-O 8.
O-O Nc6 9. e3 Re8 10. b3 e5 11. Nxe5 Nxe5 12. dxe5 Bxe5 13. Bb2 c6 14. Qc2 Qe7
15. Rad1 Bg7 16. e4 Qc5 17. Kh1 Be6 18. f4 Rad8 19. Rd2 a5 20. Rfd1 Rd7 21. Bf3
Red8 22. Kg2 a4 23. Rxd7 Rxd7 24. Rxd7 Bxd7 25. bxa4 Nc4 26. Bc1 Ne3+ 27. Bxe3
Qxe3 28. e5 g5 29. Qd1 g4 30. Bxg4 Bxg4 31. Qd8+ 1/2-1/2

[Event "FIDE World Senior Team Championship 2020"]
[Site "Olympik hotel, Sokolovska 138, Prague"]
[Date "2020.03.11"]
[Round "6.10.2"]
[White "Jurek, Josef"]
[Black "Luethke, Hans-Eckart"]
[Result "0-1"]
[WhiteElo "2254"]
[BlackElo "2091"]
[PlyCount "122"]
[WhiteTeam "CZE2"]
[BlackTeam "GER8"]
[EventDate "2020.03.06"]

1. c4 c5 2. Nf3 Nc6 3. Nc3 Nf6 4. g3 g6 5. Bg2 Bg7 6. d4 cxd4 7. Nxd4 Nxd4 8.
Qxd4 O-O 9. O-O d6 10. Qd3 Bf5 11. e4 Be6 12. b3 Qc8 13. Bg5 Re8 14. Rac1 Bh3
15. Bxh3 Qxh3 16. Bxf6 Bxf6 17. Nd5 Rac8 18. Nxf6+ exf6 19. f3 Kg7 20. Rcd1 Rc6
21. Rf2 h5 22. Rfd2 Re5 23. Qf1 Qe6 24. Qf2 a6 25. Rd5 Qe7 26. Qd4 Rxd5 27.
Qxd5 Qe5 28. Rd4 Kf8 29. b4 b5 30. cxb5 axb5 31. f4 Qxd5 32. Rxd5 Ra6 33. Rd2
Ra4 34. Rb2 Ra3 35. Kf2 Ke7 36. f5 gxf5 37. exf5 d5 38. Rc2 Kd6 39. Rc5 Rxa2+
40. Kf3 Rxh2 41. Rxb5 Ke5 42. Rb7 Kxf5 43. Rxf7 Rb2 44. Rh7 Rb3+ 45. Kg2 Ke4
46. Rxh5 Rb2+ 47. Kh3 d4 48. Rh6 f5 49. Re6+ Kd5 50. Rf6 Ke5 51. Rb6 d3 52. Rb8
Ke4 53. Kh4 d2 54. Rd8 Ke3 55. Re8+ Kf3 56. Rd8 Rxb4+ 57. Kg5 Rb2 58. Rd3+ Ke2
59. Rxd2+ Rxd2 60. Kxf5 Kf3 61. g4 Rd5+ 0-1

[Event "FIDE World Senior Team Championship 2020"]
[Site "Olympik hotel, Sokolovska 138, Prague"]
[Date "2020.03.11"]
[Round "6.10.3"]
[White "Schulz, Michael"]
[Black "Michenka, Jozef"]
[Result "1/2-1/2"]
[WhiteElo "2122"]
[BlackElo "2291"]
[PlyCount "29"]
[WhiteTeam "GER8"]
[BlackTeam "CZE2"]
[EventDate "2020.03.06"]

1. d4 Nf6 2. Bg5 c5 3. d5 Ne4 4. Bf4 Qb6 5. Bc1 f5 6. e3 g6 7. Bd3 Nf6 8. c4 e5
9. Nc3 Bg7 10. Nge2 d6 11. O-O O-O 12. f3 Qd8 13. a3 Qe7 14. Bd2 Na6 15. Qc2
1/2-1/2

[Event "FIDE World Senior Team Championship 2020"]
[Site "Olympik hotel, Sokolovska 138, Prague"]
[Date "2020.03.11"]
[Round "6.11.2"]
[White "Christiansen, Jens Jorgen"]
[Black "Pacl, Vaclav"]
[Result "1-0"]
[WhiteElo "2042"]
[BlackElo "2006"]
[PlyCount "151"]
[WhiteTeam "DEN"]
[BlackTeam "CZE6"]
[EventDate "2020.03.06"]

1. d4 d5 2. c4 dxc4 3. e4 e5 4. Nf3 Bb4+ 5. Bd2 Bxd2+ 6. Nbxd2 exd4 7. Bxc4 Nf6
8. O-O O-O 9. e5 Nh5 10. Nb3 Nc6 11. Nbxd4 Nxd4 12. Qxd4 Qxd4 13. Nxd4 Nf4 14.
g3 Be6 15. gxf4 Bxc4 16. Rfc1 Bd3 17. Rxc7 Rad8 18. Nb3 b6 19. Rd1 a5 20. a4
Be4 21. Rd4 Bd5 22. Nd2 f6 23. Nc4 fxe5 24. fxe5 Bxc4 25. Rcxc4 Rde8 26. Rd5
Re6 27. h4 Rg6+ 28. Kf1 Kf7 29. Rc7+ Ke6 30. Rb5 Rf4 31. Rc6+ Kf5 32. e6+ Kf6
33. Rbxb6 Rxh4 34. Rb7 Re4 35. Rf7+ Kg5 36. Rc5+ Kh6 37. e7 Rge6 38. Rxa5 Kg6
39. e8=Q Rxe8 40. Raa7 Rxa4 41. Rxg7+ Kf6 42. Rgf7+ Kg6 43. Rxh7 Rb4 44. Rhb7
Rb8 45. Rxb8 Rxb8 46. Ra2 Kf5 47. Ke2 Ke4 48. Kd2 Rb3 49. Ra4+ Kd5 50. Ra2 Kd4
51. Kc1 Rf3 52. b4 Kc4 53. Rb2 Kb5 54. Kd1 Rf8 55. Ke1 Rf7 56. Ke2 Re7+ 57. Kf3
Rf7+ 58. Ke4 Re7+ 59. Kf5 Rf7+ 60. Kg5 Rg7+ 61. Kf6 Rg2 62. Kf5 Rh2 63. Kg5
Rg2+ 64. Kf4 Rg8 65. f3 Rf8+ 66. Ke4 Re8+ 67. Kd5 Rd8+ 68. Ke6 Rf8 69. Rf2 Kxb4
70. f4 Kc5 71. f5 Re8+ 72. Kd7 Ra8 73. f6 Kd5 74. Re2 Ra7+ 75. Ke8 Kd6 76. Kf8
1-0

[Event "FIDE World Senior Team Championship 2020"]
[Site "Olympik hotel, Sokolovska 138, Prague"]
[Date "2020.03.11"]
[Round "6.11.3"]
[White "Vavruska, Antonin"]
[Black "Christiansen, Arne"]
[Result "0-1"]
[WhiteElo "1971"]
[BlackElo "2016"]
[PlyCount "80"]
[WhiteTeam "CZE6"]
[BlackTeam "DEN"]
[EventDate "2020.03.06"]

1. e4 d6 2. d4 g6 3. Nc3 Bg7 4. Bg5 c6 5. Qd2 b5 6. h3 Nf6 7. Nf3 b4 8. Ne2
Nxe4 9. Qf4 Nxg5 10. Nxg5 O-O 11. Qh4 h6 12. Nf3 Nd7 13. O-O-O c5 14. Qe4 Rb8
15. Qe3 Bb7 16. Kb1 cxd4 17. Nexd4 Ne5 18. Be2 Qb6 19. Rhe1 Rbc8 20. Rd2 Bxf3
21. Nxf3 Qxe3 22. fxe3 Nc4 23. Bxc4 Rxc4 24. Rd5 Rfc8 25. Re2 R4c5 26. Red2 f5
27. R5d3 Kf7 28. a3 Rb8 29. Rb3 Rcb5 30. Ne1 bxa3 31. Rxb5 Rxb5 32. c4 Rxb2+
33. Rxb2 axb2 34. Nd3 Bc3 35. Kc2 Bd2 36. Nxb2 Bxe3 37. Kd3 Bc5 38. Na4 e5 39.
Nc3 Ke6 40. Nd5 e4+ 0-1

[Event "FIDE World Senior Team Championship 2020"]
[Site "Olympik hotel, Sokolovska 138, Prague"]
[Date "2020.03.11"]
[Round "6.11.4"]
[White "Jorgensen, Jorgen"]
[Black "Nespor, Ivan"]
[Result "1/2-1/2"]
[WhiteElo "2150"]
[BlackElo "1707"]
[PlyCount "137"]
[WhiteTeam "DEN"]
[BlackTeam "CZE6"]
[EventDate "2020.03.06"]

1. Nf3 Nf6 2. g3 g6 3. Bg2 Bg7 4. c4 O-O 5. O-O d6 6. d4 c6 7. Nc3 Qc7 8. e4 e5
9. h3 Nbd7 10. Be3 b6 11. Re1 a5 12. Rc1 Ba6 13. b3 Rab8 14. Qc2 Qb7 15. Bf1
Rfc8 16. Qb1 Ne8 17. a3 Nc7 18. b4 axb4 19. axb4 b5 20. dxe5 Nxe5 21. Nxe5 Bxe5
22. c5 dxc5 23. Bxc5 Ne6 24. Be3 Nd4 25. Red1 Rd8 26. f4 Bg7 27. e5 Nf5 28. Bf2
Bf8 29. Ne4 Be7 30. Bg2 Rxd1+ 31. Rxd1 Rd8 32. Rc1 Nd4 33. Qb2 Qd7 34. Kh1 Bb7
35. Nc5 Bxc5 36. Rxc5 Ne6 37. Rc2 c5 38. bxc5 Bxg2+ 39. Kxg2 Qc6+ 40. Kh2 Rd1
41. Bg1 Nd4 42. Qxd4 Rxd4 43. Bxd4 Qe4 44. Rd2 b4 45. Bb2 b3 46. h4 Qe3 47.
Rd8+ Kg7 48. e6+ f6 49. Rd7+ Kf8 50. Ba3 Qe2+ 51. Kg1 Qxe6 52. c6+ Ke8 53. Rb7
Qe3+ 54. Kh2 Qe2+ 55. Kg1 Qe3+ 56. Kh2 Kd8 57. Rd7+ Kc8 58. Rb7 h5 59. Rf7 Qe2+
60. Kg1 b2 61. Bxb2 Qxb2 62. Rg7 Qc2 63. c7 Qf5 64. Kg2 Kb7 65. Kf2 Kb6 66. Ke3
Kc5 67. Kf2 Kd4 68. Re7 Qc2+ 69. Kf3 1/2-1/2

[Event "FIDE World Senior Team Championship 2020"]
[Site "Olympik hotel, Sokolovska 138, Prague"]
[Date "2020.03.11"]
[Round "6.12.4"]
[White "Stokes, Michael"]
[Black "Nickl, Klaus"]
[Result "1/2-1/2"]
[WhiteElo "2100"]
[BlackElo "1946"]
[PlyCount "163"]
[WhiteTeam "ENG1"]
[BlackTeam "AUT2"]
[EventDate "2020.03.06"]

1. e4 e6 2. d4 d5 3. Nc3 dxe4 4. Nxe4 Nd7 5. Nf3 Ngf6 6. Nxf6+ Nxf6 7. Bd3 c5
8. Be3 Bd7 9. Qe2 cxd4 10. Bxd4 Bc6 11. O-O Qd5 12. Be5 Be7 13. Rfe1 O-O 14.
Rad1 Qa5 15. Ng5 g6 16. Bc4 Nd5 17. Ne4 f5 18. Nc3 Rfe8 19. Nxd5 exd5 20. Bc3
Bb4 21. Qxe8+ Rxe8 22. Rxe8+ Kf7 23. Re5 Bxc3 24. bxc3 Kf6 25. Rde1 Qxc3 26.
Re6+ Kg5 27. Bd3 d4 28. h3 Bd5 29. Re7 Kf6 30. R1e2 h5 31. f3 h4 32. Kf2 a5 33.
Rh7 Bxa2 34. Rxh4 Bg8 35. Rf4 Be6 36. h4 a4 37. g4 a3 38. gxf5 gxf5 39. h5 a2
40. h6 a1=Q 41. Rh4 Qa8 42. h7 Qh8 43. Rh6+ Kg7 44. Rhxe6 Kxh7 45. f4 Qf8 46.
R6e5 Qcc8 47. Re1 Qf6 48. Rh1+ Kg6 49. Rg1+ Kf7 50. Rg5 Qxg5 51. fxg5 Kg6 52.
Bxf5+ Qxf5+ 53. Rxf5 Kxf5 54. Kf3 Kxg5 55. Ke4 Kf6 56. Kxd4 Ke6 57. Kc5 Kd7 58.
Kb6 Kc8 59. c4 Kb8 60. Kc5 Kc7 61. Kd5 b6 62. Kd4 1/2-1/2

[Event "FIDE World Senior Team Championship 2020"]
[Site "Olympik hotel, Sokolovska 138,"]
[Date "2020.03.11"]
[Round "6.13"]
[White "White, Alastair F"]
[Black "Gurtovoi, Borys"]
[Result "1-0"]
[WhiteElo "2052"]
[BlackElo "1704"]
[PlyCount "59"]
[EventDate "2020.03.06"]
[WhiteTeam "SCO"]
[BlackTeam "UKR"]

1. e4 c6 2. Nc3 d6 3. d4 Qc7 4. f4 e5 5. Be3 Nf6 6. h3 Be7 7. Be2 O-O 8. Nf3
Nbd7 9. O-O a6 10. Qe1 b5 11. a3 c5 12. dxe5 dxe5 13. fxe5 Nxe5 14. Nxe5 Qxe5
15. Rd1 Bb7 16. Bf4 Qe6 17. e5 Ne8 18. Bg4 f5 19. exf6 Qxe1 20. f7+ Rxf7 21.
Rdxe1 Kf8 22. Be6 Rf6 23. Bd5 Bxd5 24. Nxd5 Rxf4 25. Rxf4+ Bf6 26. Re6 Kf7 27.
Rb6 Rd8 28. Nxf6 Nxf6 29. Rxa6 Rd2 30. Rf2 1-0

[Event "FIDE World Senior Team Championship 2020"]
[Site "Olympik hotel, Sokolovska 138,"]
[Date "2020.03.11"]
[Round "6.13"]
[White "Dovzhenko, Viktor"]
[Black "Scrimgour, Alan"]
[Result "0-1"]
[WhiteElo "2069"]
[BlackElo "2059"]
[PlyCount "98"]
[EventDate "2020.03.06"]
[WhiteTeam "UKR"]
[BlackTeam "SCO"]

1. d4 Nf6 2. Bf4 g6 3. e3 Bg7 4. Nf3 d6 5. h3 O-O 6. Be2 c5 7. c3 Qb6 8. Qb3
Be6 9. Qxb6 axb6 10. Na3 Nd5 11. Bh2 Nxc3 12. Bc4 d5 13. Bd3 Nc6 14. O-O Ne4
15. Nb5 Nb4 16. Bb1 Ra5 17. Nc7 Nd6 18. Nxe6 fxe6 19. Be5 Nc4 20. Bxg7 Kxg7 21.
Ng5 Rf6 22. a3 Nd2 23. Nxh7 Kxh7 24. axb4 Rxa1 25. Bxg6+ Rxg6 26. Rxa1 cxd4 27.
exd4 Nf3+ 28. Kf1 Nxd4 29. Ra7 b5 30. Rxb7 Rg7 31. g4 Kg6 32. Kg2 e5 33. h4 Rf7
34. Rb8 e4 35. h5+ Kh6 36. Rd8 e6 37. Kg3 Nf3 38. Rb8 d4 39. Rb6 Re7 40. Kf4 d3
41. Rd6 Ng5 42. Rd8 Rf7+ 43. Kg3 Rf3+ 44. Kg2 Nh3 45. Rh8+ Kg7 46. Rd8 Nf4+ 47.
Kg1 Nd5 48. g5 d2 49. Rd7+ Kf8 0-1

[Event "FIDE World Senior Team Championship 2020"]
[Site "Olympik hotel, Sokolovska 138,"]
[Date "2020.03.11"]
[Round "6.13"]
[White "Levy, David N L"]
[Black "Chubar, Vladimir"]
[Result "1-0"]
[WhiteElo "2310"]
[BlackElo "1991"]
[PlyCount "49"]
[EventDate "2020.03.06"]
[WhiteTeam "SCO"]
[BlackTeam "UKR"]

1. e4 e6 2. d4 d5 3. Nc3 dxe4 4. Nxe4 Bd7 5. Nf3 Bc6 6. Neg5 Bd6 7. Nxf7 Kxf7
8. Ng5+ Ke7 9. Bc4 Nf6 10. Nxe6 Qe8 11. Nxg7 Qg6 12. Qe2+ Be4 13. f3 Nc6 14. c3
Qxg7 15. fxe4 Rae8 16. e5 Kd8 17. O-O Nxe5 18. dxe5 Rxe5 19. Qf3 Bc5+ 20. Kh1
Ne4 21. Bf4 Rf8 22. Qd3+ Ke7 23. Bxe5 Rxf1+ 24. Rxf1 Qxe5 25. Rf7+ 1-0

[Event "FIDE World Senior Team Championship 2020"]
[Site "Olympik hotel, Sokolovska 138,"]
[Date "2020.03.11"]
[Round "6.13"]
[White "Karnaukh, Anatolij"]
[Black "McKerracher, Douglas"]
[Result "1-0"]
[WhiteElo "2087"]
[BlackElo "1852"]
[PlyCount "37"]
[EventDate "2020.03.06"]
[WhiteTeam "UKR"]
[BlackTeam "SCO"]

1. c4 f5 2. Nf3 Nf6 3. Nc3 e6 4. g3 d5 5. d4 c6 6. Bg2 Bd6 7. O-O O-O 8. Bf4
Bxf4 9. gxf4 Nbd7 10. cxd5 cxd5 11. Rc1 Nb6 12. e3 Bd7 13. Ne5 Rc8 14. Qe2 a6
15. Rc2 Qe7 16. Rfc1 Rfd8 17. f3 Qe8 18. Bf1 Na4 19. Nxd7 1-0

[Event "FIDE World Senior Team Championship 2020"]
[Site "Olympik hotel, Sokolovska 138,"]
[Date "2020.03.11"]
[Round "6.14"]
[White "Franzen, Thomas"]
[Black "Mojzis, Jaroslav"]
[Result "0-1"]
[WhiteElo "1987"]
[BlackElo "2074"]
[PlyCount "73"]
[EventDate "2020.03.06"]
[WhiteTeam "SWE4"]
[BlackTeam "CZE5"]

1. Nf3 Nf6 2. g3 e6 3. Bg2 b6 4. d3 d5 5. O-O Bb7 6. Nbd2 Be7 7. Re1 O-O 8. c3
c5 9. Qc2 Nc6 10. e4 Qc7 11. Nf1 b5 12. e5 Nd7 13. Bf4 Rac8 14. Rac1 a5 15. h4
a4 16. N1h2 Qa5 17. h5 a3 18. b3 Qa8 19. Qe2 d4 20. c4 bxc4 21. bxc4 Nb4 22.
Red1 Nb6 23. Ne1 Bxg2 24. Nxg2 Na4 25. Qg4 Kh8 26. h6 Rg8 27. Qh5 g6 28. Qg4 g5
29. Bd2 Nxd3 30. Rc2 Nxe5 31. Qe2 Bf6 32. Nf4 gxf4 33. Bxf4 Ng6 34. Qg4 Qe4 35.
Re2 Qxf4 36. gxf4 Nxf4 37. Red2 0-1

[Event "FIDE World Senior Team Championship 2020"]
[Site "Olympik hotel, Sokolovska 138,"]
[Date "2020.03.11"]
[Round "6.14"]
[White "Navratil, Frantisek"]
[Black "Isaxon, Alf"]
[Result "1/2-1/2"]
[WhiteElo "2124"]
[BlackElo "1949"]
[PlyCount "68"]
[EventDate "2020.03.06"]
[WhiteTeam "CZE5"]
[BlackTeam "SWE4"]

1. e4 e5 2. Nf3 Nc6 3. Bc4 Bc5 4. d3 Nf6 5. Nc3 d6 6. Nd5 Nxd5 7. Bxd5 Be6 8.
Bxe6 fxe6 9. Bg5 Qd7 10. Qe2 O-O 11. Be3 Bb6 12. Bxb6 axb6 13. O-O Qf7 14. a3
Qg6 15. c3 Rf6 16. Nd2 Raf8 17. f3 Qg5 18. Rf2 Ne7 19. g3 h5 20. Rg2 Qh6 21.
Rf1 Ng6 22. Kf2 h4 23. Ke1 Ne7 24. Kd1 h3 25. Rgf2 Nc6 26. Nc4 Qg5 27. Ne3 b5
28. Ng4 R6f7 29. Kc2 Na5 30. Qd2 Qh5 31. Qe2 Qg5 32. Qd2 Qh5 33. Qe2 Qg5 34.
Qd2 Qh5 1/2-1/2

[Event "FIDE World Senior Team Championship 2020"]
[Site "Olympik hotel, Sokolovska 138,"]
[Date "2020.03.11"]
[Round "6.14"]
[White "Johansson, Bjorn"]
[Black "Trojan, Lubos"]
[Result "1/2-1/2"]
[WhiteElo "1949"]
[BlackElo "1928"]
[PlyCount "58"]
[EventDate "2020.03.06"]
[WhiteTeam "SWE4"]
[BlackTeam "CZE5"]

1. c4 e6 2. g3 Nf6 3. Bg2 d5 4. Nf3 Be7 5. O-O Nbd7 6. b3 O-O 7. Bb2 c6 8. d4
Ne4 9. Nbd2 f5 10. Ne5 Nxe5 11. dxe5 b6 12. Nxe4 dxe4 13. Qxd8 Rxd8 14. Rfd1
Bb7 15. a3 g5 16. e3 c5 17. Kf1 Bc6 18. Ke1 Kf7 19. Bf1 h5 20. Rxd8 Rxd8 21.
Rd1 Rh8 22. Be2 g4 23. Kf1 h4 24. Kg2 a6 25. Bc3 h3+ 26. Kf1 Rb8 27. a4 Ke8 28.
Ke1 Bd7 29. Kd2 a5 1/2-1/2

[Event "FIDE World Senior Team Championship 2020"]
[Site "Olympik hotel, Sokolovska 138,"]
[Date "2020.03.11"]
[Round "6.14"]
[White "Vesely, Emanuel"]
[Black "Johansson, Bertil"]
[Result "1/2-1/2"]
[WhiteElo "1779"]
[BlackElo "1876"]
[PlyCount "61"]
[EventDate "2020.03.06"]
[WhiteTeam "CZE5"]
[BlackTeam "SWE4"]

1. e4 c5 2. Nf3 e6 3. d4 cxd4 4. Nxd4 a6 5. Bd3 Qc7 6. O-O Nc6 7. Nxc6 dxc6 8.
Qe2 b5 9. a4 Bb7 10. axb5 cxb5 11. Be3 Bd6 12. f4 Ne7 13. Qf2 Rc8 14. Nd2 Bc5
15. Bxc5 Qxc5 16. Qxc5 Rxc5 17. Nb3 Rc7 18. Na5 Bc8 19. Rad1 Nc6 20. Nxc6 Rxc6
21. Rd2 Ke7 22. Rfd1 Rd8 23. e5 g6 24. Kf2 Rc7 25. Be4 Rcd7 26. Rxd7+ Rxd7 27.
Rxd7+ Kxd7 28. b4 Kc7 29. Ke3 Bb7 30. g4 Bxe4 31. Kxe4 1/2-1/2

[Event "FIDE World Senior Team Championship 2020"]
[Site "Olympik hotel, Sokolovska 138,"]
[Date "2020.03.11"]
[Round "6.15"]
[White "Galandauer, Jan"]
[Black "Ruzicka, Zdenek"]
[Result "0-1"]
[WhiteElo "1949"]
[BlackElo "2163"]
[PlyCount "102"]
[EventDate "2020.03.06"]
[WhiteTeam "CZE7"]
[BlackTeam "CZE4"]

1. e4 c6 2. d4 d5 3. Nc3 dxe4 4. Nxe4 Bf5 5. Ng3 Bg6 6. Nf3 Nd7 7. h4 h6 8. h5
Bh7 9. Bd3 Bxd3 10. Qxd3 Ngf6 11. O-O e6 12. Re1 Be7 13. c4 O-O 14. Qb3 Qb6 15.
Nf5 exf5 16. Rxe7 Rfe8 17. Qa3 Rxe7 18. Qxe7 Re8 19. Qd6 Re6 20. Qf4 Qb4 21. c5
Nxh5 22. Qxf5 Nhf6 23. Bd2 Qc4 24. b3 Qd5 25. Qf4 Ne4 26. Be3 g5 27. Qc7 f5 28.
Rd1 f4 29. Bc1 Nc3 30. Rf1 Ne2+ 31. Kh1 g4 32. Nh2 g3 33. Qd8+ Kh7 34. Nf3 Qh5+
35. Qh4 Qxh4+ 36. Nxh4 Nxc1 37. fxg3 Ne2 38. Kh2 fxg3+ 39. Kh3 Nf6 40. Nf5 Nd5
41. Kg4 Ne7 42. Nd6 Rg6+ 43. Kh3 Rg7 44. Ne8 Rg5 45. Rf7+ Kg6 46. Rxe7 Nf4+ 47.
Kh4 Nxg2+ 48. Kh3 Nf4+ 49. Kh4 g2 50. Rg7+ Kf5 51. Nd6+ Ke6 0-1

[Event "FIDE World Senior Team Championship 2020"]
[Site "Olympik hotel, Sokolovska 138,"]
[Date "2020.03.11"]
[Round "6.15"]
[White "Jedlicka, Vladimir"]
[Black "Fiser, Jiri"]
[Result "1-0"]
[WhiteElo "2068"]
[BlackElo "1937"]
[PlyCount "77"]
[EventDate "2020.03.06"]
[WhiteTeam "CZE4"]
[BlackTeam "CZE7"]

1. d4 d5 2. c4 e6 3. cxd5 exd5 4. Nc3 Nf6 5. Bg5 Be7 6. e3 c6 7. Bd3 Nbd7 8.
Qc2 h6 9. Bh4 O-O 10. Nf3 Re8 11. O-O Ne4 12. Bxe7 Qxe7 13. Rab1 a5 14. Nd2
Ndf6 15. Rbe1 Bf5 16. Nb3 Bh7 17. f3 Nxc3 18. Bxh7+ Nxh7 19. bxc3 Nf6 20. e4
Qc7 21. e5 Nd7 22. f4 c5 23. Qf2 a4 24. Nc1 cxd4 25. cxd4 f5 26. g4 g6 27. gxf5
gxf5 28. Qg2+ Kh7 29. Qxd5 Nb6 30. Qf3 Rg8+ 31. Kh1 Rad8 32. Rd1 Nd5 33. Ne2
Qc6 34. Rg1 Rxg1+ 35. Kxg1 Rg8+ 36. Kf2 Rg4 37. h3 Rg6 38. Rc1 Qb5 39. Rc5 1-0

[Event "FIDE World Senior Team Championship 2020"]
[Site "Olympik hotel, Sokolovska 138,"]
[Date "2020.03.11"]
[Round "6.15"]
[White "Tejkal, Jiri"]
[Black "Joukl, Zdenek"]
[Result "0-1"]
[WhiteElo "1875"]
[BlackElo "2047"]
[PlyCount "60"]
[EventDate "2020.03.06"]
[WhiteTeam "CZE7"]
[BlackTeam "CZE4"]

1. Nf3 d5 2. b3 Bf5 3. Bb2 e6 4. e3 Nf6 5. Be2 h6 6. O-O Bd6 7. c4 c6 8. d4
Nbd7 9. Nbd2 Qb8 10. Re1 O-O 11. Nf1 Bb4 12. N3d2 Ne4 13. a3 Nc3 14. Bxc3 Bxc3
15. Ra2 e5 16. Ng3 Bh7 17. cxd5 cxd5 18. dxe5 Nxe5 19. Rf1 Rd8 20. f4 Nc6 21.
Qc1 Ba5 22. b4 Bb6 23. Nb3 Qd6 24. Nc5 Rab8 25. Rd2 a5 26. Bf3 Qe7 27. Rxd5
Rxd5 28. Bxd5 axb4 29. axb4 Nxb4 30. Nge4 Nxd5 0-1

[Event "FIDE World Senior Team Championship 2020"]
[Site "Olympik hotel, Sokolovska 138,"]
[Date "2020.03.11"]
[Round "6.15"]
[White "Jacek, Miloslav"]
[Black "Slechta, Karel"]
[Result "1/2-1/2"]
[WhiteElo "1962"]
[BlackElo "1860"]
[PlyCount "57"]
[EventDate "2020.03.06"]
[WhiteTeam "CZE4"]
[BlackTeam "CZE7"]

1. e4 c5 2. Nf3 Nc6 3. Bb5 Nd4 4. Nxd4 cxd4 5. c3 a6 6. Bc4 d6 7. cxd4 g6 8. d3
Bg7 9. Be3 Nf6 10. h3 b5 11. Bb3 Bb7 12. O-O O-O 13. Nc3 e6 14. Qd2 Re8 15. Ne2
Qd7 16. Rac1 Rec8 17. Bh6 Bh8 18. Bf4 Bg7 19. Bh6 Bh8 20. a3 Rxc1 21. Rxc1 Rc8
22. Rf1 Qc7 23. Ng3 a5 24. a4 b4 25. f4 Qb6 26. Qf2 Ng4 27. Qd2 Qxd4+ 28. Kh1
Nxh6 29. f5 1/2-1/2

[Event "FIDE World Senior Team Championship 2020"]
[Site "Olympik hotel, Sokolovska 138,"]
[Date "2020.03.11"]
[Round "6.16"]
[White "Carlsson, Ingvar"]
[Black "Burchardt, Brigitte"]
[Result "1/2-1/2"]
[WhiteElo "2038"]
[BlackElo "2075"]
[PlyCount "43"]
[EventDate "2020.03.06"]
[WhiteTeam "SWE2"]
[BlackTeam "GERW"]

1. e4 c5 2. Nc3 Nc6 3. Nf3 d6 4. d4 cxd4 5. Nxd4 g6 6. Be3 Bg7 7. Be2 Nf6 8.
O-O O-O 9. Nb3 a6 10. h3 Be6 11. f4 Rc8 12. g4 Na5 13. Nxa5 Qxa5 14. f5 Bc4 15.
g5 Qe5 16. Bf4 Qc5+ 17. Kg2 Bxe2 18. Qxe2 Nh5 19. Bd2 Be5 20. Qf3 Rce8 21. Rad1
e6 22. a3 1/2-1/2

[Event "FIDE World Senior Team Championship 2020"]
[Site "Olympik hotel, Sokolovska 138,"]
[Date "2020.03.11"]
[Round "6.16"]
[White "Wagner-Michel, Annett"]
[Black "Carlsten, Peter"]
[Result "1/2-1/2"]
[WhiteElo "2025"]
[BlackElo "1922"]
[PlyCount "90"]
[EventDate "2020.03.06"]
[WhiteTeam "GERW"]
[BlackTeam "SWE2"]

1. e4 c5 2. Nf3 g6 3. d4 cxd4 4. Qxd4 Nf6 5. Nc3 Nc6 6. Qd2 Bg7 7. h3 d6 8. Bb5
Bd7 9. O-O O-O 10. Re1 a6 11. Bf1 Rc8 12. a4 Qa5 13. Nd5 Qxd2 14. Bxd2 Nxd5 15.
exd5 Ne5 16. Nxe5 Bxe5 17. c4 Bxb2 18. Rab1 Bf6 19. a5 Rc7 20. g4 Bc8 21. Rb3
Bd4 22. Bh6 Re8 23. Bf4 Rd8 24. Re4 Bc5 25. Bg5 f6 26. Bd2 Kf7 27. Re1 e6 28.
Bg2 Re8 29. Reb1 Ree7 30. Re1 exd5 31. Bxd5+ Be6 32. Bxe6+ Rxe6 33. Kg2 Rxe1
34. Bxe1 Ke6 35. Bd2 d5 36. cxd5+ Kxd5 37. h4 Bd4 38. Kf3 Rc2 39. Be3 Bxe3 40.
Kxe3 Rc7 41. Rb6 Rf7 42. f3 f5 43. gxf5 gxf5 44. Kf4 Kd4 45. h5 Kd5 1/2-1/2

[Event "FIDE World Senior Team Championship 2020"]
[Site "Olympik hotel, Sokolovska 138,"]
[Date "2020.03.11"]
[Round "6.16"]
[White "Wihlborn, Bengt"]
[Black "Kierzek, Mira"]
[Result "0-1"]
[WhiteElo "1859"]
[BlackElo "1983"]
[PlyCount "36"]
[EventDate "2020.03.06"]
[WhiteTeam "SWE2"]
[BlackTeam "GERW"]

1. Nf3 c5 2. c4 Nf6 3. Nc3 g6 4. g3 Bg7 5. Bg2 Nc6 6. O-O O-O 7. d4 cxd4 8.
Nxd4 a6 9. c5 e5 10. Nb3 b5 11. Bg5 h6 12. Bxf6 Bxf6 13. Qd2 Bg7 14. Rfd1 Qe8
15. Ne4 Ra7 16. a4 bxa4 17. Rxa4 Qe6 18. Nd6 Qxb3 0-1

[Event "FIDE World Senior Team Championship 2020"]
[Site "Olympik hotel, Sokolovska 138,"]
[Date "2020.03.11"]
[Round "6.17"]
[White "Nyrhinen, Harri"]
[Black "Jimenez Molina, Juan Leon"]
[Result "0-1"]
[WhiteElo "1985"]
[BlackElo "2174"]
[PlyCount "96"]
[EventDate "2020.03.06"]
[WhiteTeam "FIN1"]
[BlackTeam "CRC"]

1. e4 c5 2. c3 g6 3. d4 cxd4 4. cxd4 d5 5. e5 Nc6 6. Be3 Bg7 7. Qd2 f6 8. f4
Nh6 9. Nf3 O-O 10. Nc3 Bg4 11. Be2 Nf5 12. O-O-O Rc8 13. Kb1 Nxe3 14. Qxe3 Nb4
15. Ne1 Bxe2 16. Qxe2 fxe5 17. fxe5 Qd7 18. a3 Nc6 19. Nf3 Na5 20. h4 Nc4 21.
Ka2 Rc6 22. Nd2 Nxd2 23. Qxd2 a6 24. Rhf1 Rcc8 25. h5 Rxf1 26. Rxf1 gxh5 27.
Qg5 Rf8 28. Rxf8+ Kxf8 29. Qxh5 Kg8 30. Qf3 e6 31. g4 Qc6 32. Qe3 b5 33. g5
Qc4+ 34. Ka1 Qf1+ 35. Ka2 Qc4+ 36. Ka1 Qf1+ 37. Ka2 Qf5 38. Qd2 Bf8 39. Ne2 Qg4
40. Nc3 Be7 41. Qd3 Bxg5 42. Kb3 Be7 43. Ne2 h5 44. a4 bxa4+ 45. Kxa4 h4 46.
Qxa6 h3 47. Qd3 Bh4 48. Qa6 h2 0-1

[Event "FIDE World Senior Team Championship 2020"]
[Site "Olympik hotel, Sokolovska 138,"]
[Date "2020.03.11"]
[Round "6.17"]
[White "Rovira Mas, Jorge"]
[Black "Lehtosaari, Kalevi"]
[Result "1/2-1/2"]
[WhiteElo "2196"]
[BlackElo "1998"]
[PlyCount "38"]
[EventDate "2020.03.06"]
[WhiteTeam "CRC"]
[BlackTeam "FIN1"]

1. c4 c5 2. Nf3 Nc6 3. g3 g6 4. Bg2 Bg7 5. O-O e6 6. Nc3 Nge7 7. d3 d5 8. Bd2
O-O 9. Qc1 Re8 10. Rb1 b6 11. a3 Ba6 12. Nb5 Qd7 13. a4 Rad8 14. Bc3 d4 15. Bd2
e5 16. b4 cxb4 17. Bxb4 Nxb4 18. Rxb4 Nf5 19. Qb1 Bf8 1/2-1/2